[Event "XXXII Moglianoscacchi C"]
[Site "Mogliano Veneto ITA"]
[Date "2011.04.29"]
[Round "1"]
[White "Beltrame, Leonardo"]
[Black "Schiera, Ignazio"]
[Result "0-1"]
[WhiteElo "1404"]
[BlackElo "1500"]
[PlyCount "62"]
[EventDate "2011.04.29"]

1. e4 d6 2. d4 g6 3. Nf3 Bg7 4. Nc3 Nf6 5. Bc4 c6 6. e5 dxe5 7. Nxe5 O-O 8. Bg5
Nbd7 9. d5 Nxe5 10. Bb3 c5 11. O-O c4 12. Ba4 a6 13. Qd4 Qd6 14. Bxf6 Bxf6 15.
Ne4 Qc7 16. Nxf6+ exf6 17. c3 b5 18. Bc2 Qd6 19. f4 Nd7 20. f5 g5 21. Rfe1 Ne5
22. Re2 Bb7 23. Be4 Ng4 24. g3 Rad8 25. Bf3 Ne5 26. Rd1 Nxf3+ 27. Kf1 Nxd4 28.
Rxd4 Rfe8 29. Rxe8+ Rxe8 30. Rg4 Qe5 31. Rd4 Qxf5+ 0-1

[Event "XXXII Moglianoscacchi C"]
[Site "Mogliano Veneto ITA"]
[Date "2011.04.29"]
[Round "1"]
[White "Bergamasco, Tommaso"]
[Black "Hagiu, Stefano"]
[Result "1-0"]
[WhiteElo "1497"]
[BlackElo "1404"]
[PlyCount "65"]
[EventDate "2011.04.29"]

1. e4 e5 2. Nf3 Nc6 3. Bb5 Nf6 4. d3 Be7 5. Nc3 a6 6. Ba4 O-O 7. Bxc6 dxc6 8.
Nxe5 Bd6 9. O-O Bc5 10. Bg5 Bd4 11. Nf3 Bg4 12. h3 Bxf3 13. Qxf3 h6 14. Bh4 b5
15. Rab1 b4 16. Ne2 Be5 17. Rfd1 a5 18. d4 Bd6 19. e5 Bxe5 20. dxe5 Qe7 21.
exf6 gxf6 22. Bxf6 Qxf6 23. Qxf6 Rfe8 24. Ng3 Re6 25. Rd8+ Rxd8 26. Qxd8+ Kg7
27. Nh5+ Kg6 28. Nf4+ Kg7 29. Nxe6+ fxe6 30. Re1 h5 31. Rxe6 Kf7 32. Qd7+ Kf8
33. Re8# 1-0

[Event "XXXII Moglianoscacchi C"]
[Site "Mogliano Veneto ITA"]
[Date "2011.04.29"]
[Round "1"]
[White "Boscolo Camiletto, Andrea"]
[Black "De Col, Daniele"]
[Result "1/2-1/2"]
[WhiteElo "1506"]
[BlackElo "1433"]
[PlyCount "115"]
[EventDate "2011.04.29"]

1. e4 d6 2. d4 Nf6 3. Nc3 c6 4. Be3 Qa5 5. Qd2 e6 6. Nf3 Nbd7 7. Bd3 e5 8. O-O
Be7 9. a3 h6 10. b4 Qc7 11. b5 Ng4 12. bxc6 bxc6 13. d5 Nxe3 14. Qxe3 Nf6 15.
dxc6 Be6 16. Nb5 Qxc6 17. Nxa7 Qb7 18. Nb5 O-O 19. Rfb1 Qd7 20. a4 Ng4 21. Qd2
d5 22. h3 Bd6 23. hxg4 Bxg4 24. Nxd6 Bxf3 25. gxf3 Qxd6 26. exd5 Kh8 27. Bc4 f5
28. Bb3 f4 29. Kf1 Rf5 30. Ke2 Re8 31. Qd3 e4 32. fxe4 Rxe4+ 33. Qxe4 Re5 34.
Qxe5 Qxe5+ 35. Kd2 f3 36. Re1 Qd4+ 37. Kc1 Qxa1+ 38. Kd2 Qd4+ 39. Kc1 Qxf2 40.
Rd1 Qe3+ 41. Kb2 Qe2 42. Rd4 f2 43. Bc4 Qxc4 44. Rxc4 f1=Q 45. Rd4 Qf6 46. c3
h5 47. d6 g5 48. d7 Qd8 49. a5 Kg7 50. a6 Kf7 51. a7 Ke7 52. Re4+ Kd6 53. Re8
Qb6+ 54. Kc2 Qf2+ 55. Kb3 Qf7+ 56. Ka3 Kxd7 57. a8=Q Qxe8 58. Qd5+ 1/2-1/2

[Event "XXXII Moglianoscacchi C"]
[Site "Mogliano Veneto ITA"]
[Date "2011.04.29"]
[Round "1"]
[White "Giancristofaro, Luca"]
[Black "Zanlorenzi, Marco"]
[Result "0-1"]
[WhiteElo "1557"]
[BlackElo "1459"]
[PlyCount "70"]
[EventDate "2011.04.29"]

1. d4 d5 2. c4 Nf6 3. Nc3 c6 4. Nf3 Nbd7 5. cxd5 cxd5 6. Bf4 e6 7. a3 Be7 8. h3
O-O 9. e3 a6 10. Bd3 Qb6 11. b4 Bd6 12. Na4 Qc7 13. Rc1 Qb8 14. Bxd6 Qxd6 15.
O-O a5 16. Nc5 axb4 17. axb4 b6 18. Nxd7 Bxd7 19. Qd2 Ra4 20. Rb1 b5 21. Ne5
Qb6 22. Ra1 Rfa8 23. Qc3 Qa6 24. Rxa4 Qxa4 25. Nxd7 Nxd7 26. Qc6 Nf6 27. Bxb5
Qa2 28. Bd3 g6 29. Rc1 Ra3 30. Bf1 Ne4 31. Qc2 Qxc2 32. Rxc2 Rb3 33. Rc8+ Kg7
34. Rb8 Rb1 35. Rc8 Nd2 0-1

[Event "XXXII Moglianoscacchi C"]
[Site "Mogliano Veneto ITA"]
[Date "2011.04.29"]
[Round "1"]
[White "Hagiu, Fabrizio"]
[Black "Greco, Alvise"]
[Result "0-1"]
[WhiteElo "1485"]
[BlackElo "1377"]
[PlyCount "102"]
[EventDate "2011.04.29"]

1. e4 c5 2. Nf3 Nc6 3. d4 cxd4 4. Nxd4 g6 5. Be3 Bg7 6. Bc4 Nf6 7. Nc3 Qa5 8.
O-O O-O 9. a3 d6 10. b4 Qc7 11. Qd3 Ne5 12. Ndb5 Qxc4 13. Qxc4 Nxc4 14. Nc7 Rb8
15. N3b5 Nxe3 16. fxe3 Nxe4 17. Rad1 Nc3 18. Nxc3 Bxc3 19. Rd3 Bg7 20. a4 Bf5
21. Rd2 Rbc8 22. Nd5 Rfe8 23. Rc1 e6 24. Nf4 Be5 25. Kf2 Bxf4 26. exf4 d5 27.
h3 Rc4 28. Ke3 Rec8 29. Kf3 Rc3+ 30. Ke2 Rxc2 31. Rdxc2 Rxc2+ 32. Rxc2 Bxc2 33.
a5 Kf8 34. Kd2 Be4 35. g3 Ke7 36. Kc3 Kd6 37. Kd4 Bg2 38. h4 f6 39. g4 e5+ 40.
fxe5+ fxe5+ 41. Kc3 e4 42. Kd2 d4 43. Ke2 Ke5 44. Kd2 e3+ 45. Kd3 Bf1+ 46. Kc2
d3+ 47. Kd1 e2+ 48. Ke1 Ke4 49. h5 g5 50. b5 Ke3 51. a6 d2# 0-1

[Event "XXXII Moglianoscacchi C"]
[Site "Mogliano Veneto ITA"]
[Date "2011.04.29"]
[Round "1"]
[White "Lodici, Lorenzo"]
[Black "Esposito, Ivan"]
[Result "1/2-1/2"]
[WhiteElo "1533"]
[BlackElo "1455"]
[PlyCount "118"]
[EventDate "2011.04.29"]

1. Nf3 Nf6 2. d4 d6 3. e3 g6 4. Bd3 Bg7 5. Nbd2 O-O 6. O-O Nbd7 7. Qe2 e5 8. c3
Re8 9. e4 c6 10. Qd1 Qc7 11. Re1 c5 12. d5 a6 13. c4 Rb8 14. a4 a5 15. Nb1 b6
16. Nc3 Ba6 17. b3 Nh5 18. Bb2 Ndf6 19. g3 Qd7 20. Bf1 Qg4 21. Nh4 Qd7 22. Bg2
Rf8 23. Qd2 Qe7 24. Rf1 Nd7 25. Bh3 Bf6 26. Nf3 Bg7 27. Nh4 Rbd8 28. Qe2 Nf4
29. gxf4 Qxh4 30. Bxd7 Rxd7 31. fxe5 Bxe5 32. f3 f5 33. Nd1 fxe4 34. Bxe5 exf3
35. Qf2 Qxf2+ 36. Rxf2 dxe5 37. Ne3 Rd6 38. Raf1 e4 39. h3 h5 40. Rh2 Bc8 41.
Kf2 Kg7 42. Rg1 Kh6 43. h4 Bf5 44. Rhh1 Kg7 45. Rg3 Kf6 46. Re1 Ke5 47. Rd1 Kf4
48. Rdg1 Rff6 49. Rg5 Ke5 50. Rd1 Rd8 51. Nxf5 Rxf5 52. Rxg6 Kf4 53. Re1 Re5
54. Re3 Rf8 55. Rg7 Ree8 56. d6 Rg8 57. d7 Rd8 58. Rf7+ Ke5 59. Re7+ Kd6
1/2-1/2

[Event "XXXII Moglianoscacchi C"]
[Site "Mogliano Veneto ITA"]
[Date "2011.04.29"]
[Round "1"]
[White "Serradura, Gianluca"]
[Black "Ferrari, Paolo"]
[Result "1-0"]
[WhiteElo "1469"]
[BlackElo "1693"]
[PlyCount "64"]
[EventDate "2011.04.29"]

1. Nf3 d5 2. g3 Nf6 3. Bg2 e6 4. O-O Bd6 5. d3 O-O 6. e4 e5 7. Re1 d4 8. a3 Nc6
9. c3 Re8 10. Nbd2 Be6 11. h3 Qd7 12. Ng5 dxc3 13. bxc3 Rac8 14. Nxe6 Rxe6 15.
Nc4 Bc5 16. Be3 Be7 17. d4 exd4 18. Bxd4 Nxd4 19. cxd4 c6 20. f4 g6 21. h4 h5
22. Ne5 Qc7 23. Bh3 Ng4 24. Nxg4 Rd6 25. e5 Rdd8 26. Nf6+ Bxf6 27. Bxc8 Qxc8
28. exf6 Qf5 29. Re5 Qxf6 30. Rb1 Rd7 31. Rb4 a5 32. Rc4 Qd6 {...} 1-0

[Event "XXXII Moglianoscacchi C"]
[Site "Mogliano Veneto ITA"]
[Date "2011.04.29"]
[Round "1"]
[White "Simonetto, Andrea"]
[Black "Buranelli, Matteo"]
[Result "0-1"]
[WhiteElo "1458"]
[BlackElo "1551"]
[PlyCount "48"]
[EventDate "2011.04.29"]

1. e4 d6 2. Nf3 Nf6 3. Nc3 g6 4. d4 Bg7 5. Bc4 O-O 6. Be3 Ng4 7. Bf4 c5 8. h3
cxd4 9. Nxd4 Nxf2 10. Kxf2 e5 11. Bxe5 Bxe5 12. Qd2 Qb6 13. Ke3 Nc6 14. Nce2
Be6 15. Bxe6 fxe6 16. c3 Bg7 17. Kd3 Ne5+ 18. Kc2 Nc4 19. Qc1 Rf2 20. Re1 Bxd4
21. cxd4 Rc8 22. Kd3 Nxb2+ 23. Ke3 Rxc1 24. Raxc1 Rxg2 0-1

[Event "XXXII Moglianoscacchi C"]
[Site "Mogliano Veneto ITA"]
[Date "2011.04.29"]
[Round "1"]
[White "Stefanutti, Piero"]
[Black "Chin, Roberto"]
[Result "1/2-1/2"]
[WhiteElo "1392"]
[BlackElo "1491"]
[PlyCount "101"]
[EventDate "2011.04.29"]

1. e4 d6 2. d4 Nf6 3. Nc3 g6 4. Be2 Bg7 5. Be3 Nc6 6. f3 a6 7. Qd2 O-O 8. g4
Kh8 9. h4 Kg8 10. Nh3 e5 11. d5 Nd4 12. Nd1 b5 13. c3 Nxe2 14. Qxe2 Bd7 15.
Ndf2 a5 16. g5 Nh5 17. Rg1 b4 18. Ng4 f5 19. Ngf2 f4 20. Bd2 bxc3 21. Bxc3 Ba4
22. Qd2 c5 23. Nd1 Rf7 24. Qh2 Rb7 25. Rg2 Qc8 26. Nhf2 Qe8 27. Ng4 Qf8 28. Rd2
Bb5 29. Ndf2 Ba4 30. Nd1 c4 31. Qg2 Bb5 32. Rb1 a4 33. a3 Qf7 34. Kf1 Bf8 35.
Ke1 Kh8 36. Qh2 Be7 37. Qg2 Bd8 38. Rc2 Bc7 39. Qh2 Qf8 40. Qg2 Qd8 41. Nh6 Kg7
42. Ng4 Rab8 43. Qh2 Ba6 44. Qg2 Rb3 45. Rbc1 Ba5 46. Qd2 Bb6 47. Qg2 Qc7 48.
Qh2 Qa7 49. Qg2 Ng3 50. Qh2 Bg1 51. Qg2 1/2-1/2

[Event "XXXII Moglianoscacchi C"]
[Site "Mogliano Veneto ITA"]
[Date "2011.04.29"]
[Round "1"]
[White "Vannini, Daniele"]
[Black "Licandro, michele"]
[Result "0-1"]
[WhiteElo "1434"]
[BlackElo "1508"]
[PlyCount "22"]
[EventDate "2011.04.29"]

1. e4 c5 2. d3 Nc6 3. Nf3 d6 4. h3 g6 5. Be3 Nf6 6. Be2 Bg7 7. Nc3 O-O 8. Qd2
Re8 9. O-O b6 10. Nh2 Bb7 11. f4 e6 0-1

[Event "XXXII Moglianoscacchi C"]
[Site "Mogliano Veneto ITA"]
[Date "2011.04.29"]
[Round "1"]
[White "Vomiero, Luciano"]
[Black "Ciani, Davide"]
[Result "1-0"]
[WhiteElo "1569"]
[BlackElo "1464"]
[PlyCount "105"]
[EventDate "2011.04.29"]

1. e4 c5 2. c4 Nf6 3. Nc3 d6 4. Be2 e5 5. Nf3 Be7 6. d3 Be6 7. Ng5 Nc6 8. Nxe6
fxe6 9. Be3 O-O 10. O-O Qd7 11. a3 Nd4 12. Bg4 Nxg4 13. Qxg4 Kh8 14. Rab1 Qd8
15. Ne2 Rf6 16. Nxd4 cxd4 17. Bd2 Rg6 18. Qe2 Bg5 19. f3 Qe7 20. f4 Bh6 21.
fxe5 dxe5 22. Rf3 Bxd2 23. Qxd2 Kg8 24. Rbf1 Rb8 25. Qf2 Rh6 26. Rf7 Qd6 27.
Qg3 Rg6 28. Qh4 Rh6 29. Qe7 Qxe7 30. Rxe7 Rf6 31. Rxf6 gxf6 32. b4 a6 33. Rxe6
Kf7 34. Rd6 Ke7 35. c5 b6 36. Rc6 bxc5 37. Rxc5 Kd6 38. Kf2 Rb5 39. Rxb5 axb5
40. g4 h6 41. Kg3 Ke6 42. h4 Kf7 43. h5 Ke6 44. Kf3 Kd6 45. Ke2 Kc6 46. Kd2 Kd6
47. Kc2 Ke6 48. Kb3 f5 49. gxf5+ Kf6 50. a4 bxa4+ 51. Kxa4 Kg5 52. b5 Kxh5 53.
b6 1-0

[Event "XXXII Moglianoscacchi C"]
[Site "Mogliano Veneto ITA"]
[Date "2011.04.30"]
[Round "2"]
[White "Buranelli, Matteo"]
[Black "Serradura, Gianluca"]
[Result "1-0"]
[WhiteElo "1551"]
[BlackElo "1469"]
[PlyCount "69"]
[EventDate "2011.04.29"]

1. e4 d6 2. Nc3 e5 3. Bc4 Be7 4. d3 c6 5. Qh5 g6 6. Qe2 Nf6 7. f4 exf4 8. Bxf4
Nh5 9. Be3 O-O 10. Nf3 Bg4 11. O-O Nd7 12. Bh6 Re8 13. Qd2 Bxf3 14. Rxf3 Ne5
15. Rf2 Nxc4 16. dxc4 Nf6 17. Raf1 Qb6 18. Be3 Qd8 19. Bd4 Kg7 20. Qg5 h6 21.
Bxf6+ Bxf6 22. Qxf6+ Qxf6 23. Rxf6 Re7 24. Rxd6 Rae8 25. Rfd1 Kf8 26. b4 a6 27.
a4 Rxe4 28. Nxe4 Rxe4 29. Rd7 Rxc4 30. Rxb7 Rxc2 31. Rb6 c5 32. bxc5 Rxc5 33.
Rxa6 Kg7 34. Ra7 Rc2 35. Rf1 1-0

[Event "XXXII Moglianoscacchi C"]
[Site "Mogliano Veneto ITA"]
[Date "2011.04.30"]
[Round "2"]
[White "Cavicchia, Silvio"]
[Black "Bergamasco, Tommaso"]
[Result "1-0"]
[WhiteElo "1557"]
[BlackElo "1497"]
[PlyCount "61"]
[EventDate "2011.04.29"]

1. c4 e5 2. Nc3 Nc6 3. Nf3 d6 4. g3 Nf6 5. Bg2 Be6 6. d3 d5 7. cxd5 Nxd5 8. Ng5
Nxc3 9. bxc3 Bd5 10. Ne4 Ne7 11. O-O Ng6 12. c4 Bc6 13. Bb2 f5 14. Nd2 Bxg2 15.
Kxg2 f4 16. Ne4 h5 17. h3 Be7 18. d4 fxg3 19. fxg3 h4 20. g4 Nf4+ 21. Kh2 g5
22. e3 Ng6 23. d5 Qc8 24. Qc2 Rg8 25. Nf6+ Bxf6 26. Rxf6 Nf8 27. Bxe5 Qd7 28.
Raf1 O-O-O 29. Rf7 Qe8 30. Rxc7+ Kb8 31. Re7+ 1-0

[Event "XXXII Moglianoscacchi C"]
[Site "Mogliano Veneto ITA"]
[Date "2011.04.30"]
[Round "2"]
[White "Chin, Roberto"]
[Black "Boscolo Camiletto, Andrea"]
[Result "1/2-1/2"]
[WhiteElo "1491"]
[BlackElo "1506"]
[PlyCount "131"]
[EventDate "2011.04.29"]

1. d4 d5 2. Nf3 Nf6 3. Nbd2 Bf5 4. e3 c5 5. Be2 e6 6. O-O Bd6 7. c3 Qc7 8. h3
h6 9. Re1 Nc6 10. Bb5 O-O 11. Ba4 Ne4 12. Bc2 Nxd2 13. Nxd2 Bxc2 14. Qxc2 cxd4
15. exd4 Nxd4 16. Qd3 Nc6 17. Nf3 Ne5 18. Qe2 Nxf3+ 19. Qxf3 Rac8 20. Qg4 Kh7
21. Qe2 Qe7 22. Qd3+ Kh8 23. Bd2 Qc7 24. Rac1 Bf4 25. Qd4 Bxd2 26. Qxd2 Qa5 27.
a3 Rc4 28. Re5 Qc7 29. Re3 Rd8 30. Qe1 d4 31. Rd3 dxc3 32. Rxd8+ Qxd8 33. Rxc3
Rxc3 34. Qxc3 Kg8 35. g3 Kf8 36. Qc5+ Ke8 37. Qc3 Qd1+ 38. Kg2 Qd5+ 39. Kg1 f6
40. Qc2 Kf7 41. Qc7+ Kg6 42. Qc3 Qf5 43. Qb3 Qd5 44. Qc2+ f5 45. Qc8 Qc6 46.
Qg8 Qd7 47. Qb8 Qd1+ 48. Kg2 Qd5+ 49. Kg1 a6 50. Qe8+ Kh7 51. Qa4 e5 52. Qc2 e4
53. Qe2 b5 54. b4 Qd3 55. Qxd3 exd3 56. Kf1 Kg6 57. Ke1 Kf6 58. Kd2 Ke5 59.
Kxd3 f4 60. g4 f3 61. Ke3 Kd5 62. Kd3 g6 63. h4 h5 64. g5 Ke5 65. Ke3 Kd5 66.
Kd3 1/2-1/2

[Event "XXXII Moglianoscacchi C"]
[Site "Mogliano Veneto ITA"]
[Date "2011.04.30"]
[Round "2"]
[White "Ciani, Davide"]
[Black "Vannini, Daniele"]
[Result "1-0"]
[WhiteElo "1464"]
[BlackElo "1434"]
[PlyCount "113"]
[EventDate "2011.04.29"]

1. d4 b6 2. e4 Bb7 3. Bd3 d6 4. Bg5 g6 5. Nf3 Bg7 6. Nbd2 Nd7 7. c3 Ngf6 8. O-O
O-O 9. Qc2 Rc8 10. Rae1 Re8 11. Qb1 a6 12. a3 h6 13. Bh4 c6 14. Qa2 Qc7 15. Bg3
Nh5 16. Nh4 e6 17. Qb1 Nxg3 18. fxg3 Rf8 19. Qa2 Rce8 20. Rf2 Nf6 21. Qb1 b5
22. Nhf3 c5 23. h3 c4 24. Bc2 Nd7 25. Kh2 e5 26. d5 Nf6 27. Nh4 Bc8 28. Ref1
Qe7 29. Bd1 Nh7 30. Qc2 Bf6 31. Nhf3 Kg7 32. a4 Ng5 33. axb5 axb5 34. Nb1 Bd7
35. Qe2 h5 36. h4 Nxf3+ 37. gxf3 Rh8 38. f4 Ref8 39. Qe3 Rh6 40. Nd2 Kh7 41.
Nf3 exf4 42. Qxf4 Kg7 43. Ng5 Bxg5 44. hxg5 Rhh8 45. Qf6+ Qxf6 46. Rxf6 Bg4 47.
Rxd6 Bxd1 48. Rxd1 Re8 49. Re1 Re7 50. e5 Rhe8 51. e6 f6 52. gxf6+ Kxf6 53. Rb6
Rd8 54. Rxb5 Rc8 55. Re4 Kf5 56. Rd4 Ke5 57. d6+ 1-0

[Event "XXXII Moglianoscacchi C"]
[Site "Mogliano Veneto ITA"]
[Date "2011.04.30"]
[Round "2"]
[White "De Col, Daniele"]
[Black "Lodici, Lorenzo"]
[Result "0-1"]
[WhiteElo "1433"]
[BlackElo "1533"]
[PlyCount "82"]
[EventDate "2011.04.29"]

1. Nf3 d5 2. g3 Nf6 3. Bg2 e6 4. O-O Bd6 5. d3 O-O 6. Re1 c6 7. Bg5 h6 8. Bxf6
Qxf6 9. c3 Nd7 10. e4 dxe4 11. Rxe4 Qd8 12. d4 Nf6 13. Rh4 Qc7 14. Nbd2 c5 15.
Ne4 Nxe4 16. Rxe4 Bd7 17. Qd3 Rfd8 18. Rh4 Bf8 19. Ng5 g6 20. Ne4 c4 21. Qd2
Bg7 22. Re1 Bc6 23. Nc5 Bxg2 24. Kxg2 e5 25. Rxh6 Qxc5 26. Rh4 exd4 27. cxd4
Rxd4 28. Rxd4 Qxd4 29. Qe2 Rd8 30. Qe7 Qd6 31. Qxb7 Qd5+ 32. Qxd5 Rxd5 33. Re2
Rb5 34. Rc2 Rxb2 35. Rxc4 Rxa2 36. Rc8+ Kh7 37. Rc7 f5 38. h4 a5 39. Ra7 Kh6
40. Kf3 Bd4 41. Ra8 Rxf2# 0-1

[Event "XXXII Moglianoscacchi C"]
[Site "Mogliano Veneto ITA"]
[Date "2011.04.30"]
[Round "2"]
[White "Esposito, Ivan"]
[Black "Stefanutti, Piero"]
[Result "1-0"]
[WhiteElo "1455"]
[BlackElo "1392"]
[PlyCount "65"]
[EventDate "2011.04.29"]

1. e4 e6 2. d4 d5 3. Nd2 Nf6 4. Bd3 dxe4 5. Nxe4 Nxe4 6. Bxe4 Qh4 7. Qf3 c6 8.
Nh3 f5 9. Bd3 Qxd4 10. Be3 Bb4+ 11. Ke2 Qg4 12. Qxg4 fxg4 13. Ng5 g6 14. Bd4
O-O 15. h3 Be7 16. Nxh7 Kxh7 17. hxg4+ Kg8 18. Rh8+ Kf7 19. Rh7+ Ke8 20. Bxg6+
Kd8 21. Rxe7 Kxe7 22. Bc5+ Kf6 23. Bxf8 Kxg6 24. Rh1 Nd7 25. Be7 Nb6 26. g5 Nd5
27. Rh6+ Kg7 28. Bd6 b5 29. g4 Bb7 30. Be5+ Kf8 31. Rh8+ Kf7 32. Rh7+ Kg6 33.
Rg7# 1-0

[Event "XXXII Moglianoscacchi C"]
[Site "Mogliano Veneto ITA"]
[Date "2011.04.30"]
[Round "2"]
[White "Ferrari, Paolo"]
[Black "Baldizzi, Riccardo"]
[Result "1-0"]
[WhiteElo "1693"]
[BlackElo "1461"]
[PlyCount "47"]
[EventDate "2011.04.29"]

1. Nf3 d5 2. g3 Nf6 3. Bg2 Nc6 4. O-O e5 5. d3 Be7 6. Nbd2 O-O 7. c3 Be6 8. Qc2
h6 9. e4 d4 10. cxd4 exd4 11. a3 Qd7 12. e5 Ne8 13. Re1 f6 14. Nc4 Bh3 15. Bh1
h5 16. Nh4 g5 17. Ng6 Rf7 18. e6 Bxe6 19. Nxe7+ Rxe7 20. Re2 Bg4 21. Rxe7 Qxe7
22. Bd2 Qd7 23. Qb3 Kh7 24. Qxb7 1-0

[Event "XXXII Moglianoscacchi C"]
[Site "Mogliano Veneto ITA"]
[Date "2011.04.30"]
[Round "2"]
[White "Hagiu, Stefano"]
[Black "Hagiu, Fabrizio"]
[Result "0-1"]
[WhiteElo "1404"]
[BlackElo "1485"]
[PlyCount "100"]
[EventDate "2011.04.29"]

1. e4 c5 2. Nf3 d6 3. d4 cxd4 4. Nxd4 Nf6 5. Nc3 e5 6. Nb3 a6 7. Bg5 Be7 8. Bd3
Be6 9. O-O O-O 10. Ne2 d5 11. exd5 Nxd5 12. Bxe7 Qxe7 13. c4 Nb4 14. f4 Nxd3
15. Qxd3 Rd8 16. Qc3 e4 17. Ned4 f5 18. Nxe6 Qxe6 19. Rfe1 Nc6 20. Nc5 Qe7 21.
Qe3 Nd4 22. Qc3 Qxc5 23. Qe3 Ne6 24. Qxc5 Nxc5 25. b4 Nd3 26. Rf1 e3 27. g3 e2
28. Rfb1 Re8 29. c5 e1=Q+ 30. Rxe1 Rxe1+ 31. Rxe1 Nxe1 32. Kf2 Nd3+ 33. Ke3
Nxb4 34. a3 Nc2+ 35. Kd2 Nxa3 36. h4 Nc4+ 37. Kc3 Ne3 38. Kd4 Nc2+ 39. Kc3 Ne1
40. Kd2 Nf3+ 41. Ke3 Ng1 42. Kf2 Nh3+ 43. Kg2 a5 44. Kxh3 a4 45. c6 a3 46. cxb7
Rb8 47. h5 a2 48. Kh4 a1=Q 49. g4 Rxb7 50. gxf5 Qg1 0-1

[Event "XXXII Moglianoscacchi C"]
[Site "Mogliano Veneto ITA"]
[Date "2011.04.30"]
[Round "2"]
[White "Reginato, Dario"]
[Black "Zanlorenzi, Marco"]
[Result "0-1"]
[WhiteElo "1522"]
[BlackElo "1459"]
[PlyCount "56"]
[EventDate "2011.04.29"]

1. d4 d5 2. c4 Nf6 3. Nc3 c6 4. e3 Nbd7 5. Nf3 e6 6. Qc2 Qc7 7. b3 e5 8. dxe5
Nxe5 9. Nxe5 Qxe5 10. Bd2 d4 11. Nd1 dxe3 12. Bc3 exf2+ 13. Kd2 Qf4+ 14. Ne3
Bc5 15. Qd3 Bf5 16. g3 Ne4+ 17. Kc2 Qxe3 18. Qxe3 Bxe3 19. Bd3 O-O 20. g4 Bg6
21. h4 Nc5 22. Bxg6 fxg6 23. Rad1 Ne4 24. Rhf1 Ng3 25. Rd7 Rf7 26. Rfd1 f1=Q
27. Rxf1 Nxf1 28. Rd1 Bb6 0-1

[Event "XXXII Moglianoscacchi C"]
[Site "Mogliano Veneto ITA"]
[Date "2011.04.30"]
[Round "2"]
[White "Schiera, Ignazio"]
[Black "Greco, Alvise"]
[Result "0-1"]
[WhiteElo "1500"]
[BlackElo "1377"]
[PlyCount "86"]
[EventDate "2011.04.29"]

1. e4 c5 2. Nf3 Nc6 3. d4 cxd4 4. Nxd4 g6 5. Be3 Bg7 6. c3 Nf6 7. f3 d5 8. Nd2
O-O 9. Nxc6 bxc6 10. e5 Ne8 11. f4 f6 12. Nf3 Bg4 13. Qd4 Bxf3 14. gxf3 fxe5
15. fxe5 Rxf3 16. Bd3 Qc7 17. Bf4 e6 18. O-O-O c5 19. Qa4 c4 20. Bxg6 hxg6 21.
Bg5 Bxe5 22. h4 Ng7 23. Qc2 Qf7 24. Rhg1 Rf8 25. Bh6 Bf4+ 26. Bxf4 Qxf4+ 27.
Kb1 Rf1 28. a4 Rxg1 29. Rxg1 Qf5 30. Rxg6 Qxc2+ 31. Kxc2 Rf2+ 32. Kb1 Kf7 33.
Rh6 Rf5 34. Ka2 Rh5 35. Rxh5 Nxh5 36. b4 cxb3+ 37. Kxb3 e5 38. a5 e4 39. Kc2
Ke6 40. a6 Ke5 41. Kd2 d4 42. c4 Kd6 43. Ke2 Kc5 0-1

[Event "XXXII Moglianoscacchi C"]
[Site "Mogliano Veneto ITA"]
[Date "2011.04.30"]
[Round "2"]
[White "Simonetto, Andrea"]
[Black "Giancristofaro, Luca"]
[Result "0-1"]
[WhiteElo "1458"]
[BlackElo "1557"]
[PlyCount "102"]
[EventDate "2011.04.29"]

1. e4 e5 2. Nf3 Nc6 3. Bc4 Bc5 4. c3 Nf6 5. d4 exd4 6. cxd4 Bb4+ 7. Bd2 d5 8.
exd5 Nxd5 9. O-O O-O 10. Re1 Bg4 11. Bxd5 Qxd5 12. Bxb4 Bxf3 13. Nc3 Bxd1 14.
Nxd5 Nxb4 15. Nxb4 Bg4 16. f3 Bd7 17. b3 Rfe8 18. Kf2 Kf8 19. Rxe8+ Rxe8 20.
Re1 Rxe1 21. Kxe1 Ke7 22. Ke2 Kd6 23. Kd3 a5 24. Nc2 h5 25. Ne3 f6 26. h4 g5
27. g3 Be6 28. f4 gxh4 29. gxh4 Kc6 30. Ke4 Kb5 31. d5 Bh3 32. Nc4 Kb4 33. d6
b5 34. dxc7 bxc4 35. f5 Bg2+ 36. Kd4 Bb7 37. bxc4 a4 38. c5 Ka3 39. Kc3 Bc8 40.
c6 Kxa2 41. Kb4 a3 42. Kb5 Kb1 43. Kb6 a2 44. Ka7 a1=Q+ 45. Kb8 Bxf5 46. c8=Q
Bxc8 47. Kxc8 f5 48. c7 f4 49. Kd8 Qc3 50. c8=Q Qxc8+ 51. Kxc8 f3 0-1

[Event "XXXII Moglianoscacchi C"]
[Site "Mogliano Veneto ITA"]
[Date "2011.04.30"]
[Round "3"]
[White "Baldizzi, Riccardo"]
[Black "Artuso, Sofia"]
[Result "1-0"]
[WhiteElo "1461"]
[BlackElo "1350"]
[PlyCount "119"]
[EventDate "2011.04.29"]

1. e4 e5 2. Nf3 Nc6 3. d4 exd4 4. Bc4 Nf6 5. O-O Be7 6. Nxd4 Nxe4 7. Qf3 Nf6 8.
Nxc6 bxc6 9. Qg3 g6 10. Bh6 Nh5 11. Qf3 d5 12. Bb3 Bg5 13. Qc3 Bf6 14. Re1+ Be6
15. Qxc6+ Qd7 16. Qxa8+ Ke7 17. Qxa7 Bxb2 18. Qc5+ Ke8 19. Qb4 Bxa1 20. c3 Kd8
21. Qb8+ Qc8 22. Qxc8+ Kxc8 23. Rc1 d4 24. Bxe6+ fxe6 25. g4 Nf6 26. Bg7 Rd8
27. Bxf6 Rd7 28. Bxd4 Bb2 29. Rd1 c5 30. Rd2 cxd4 31. Rxb2 dxc3 32. Nxc3 e5 33.
Rc2 Rc7 34. Kf1 h5 35. gxh5 gxh5 36. Ke2 Kd7 37. Kd2 Ke6 38. Ne4 Rg7 39. h3 Rg2
40. Ke3 Rh2 41. Ke2 Kf5 42. Ng3+ Kg5 43. Rc3 h4 44. Ne4+ Kf4 45. Nd2 Rh1 46.
Nb3 Ke4 47. a4 Kd5 48. a5 Rxh3 49. Rxh3 Kc6 50. Rxh4 Kb5 51. Rh6 e4 52. a6 Kb4
53. a7 Kxb3 54. a8=Q Kc4 55. Qd8 Kc5 56. Rh1 Kc6 57. Rc1+ Kb7 58. Qd5+ Kb8 59.
Qb5+ Ka7 60. Ra1# 1-0

[Event "XXXII Moglianoscacchi C"]
[Site "Mogliano Veneto ITA"]
[Date "2011.04.30"]
[Round "3"]
[White "Bergamasco, Tommaso"]
[Black "Beltrame, Leonardo"]
[Result "1-0"]
[WhiteElo "1497"]
[BlackElo "1404"]
[PlyCount "57"]
[EventDate "2011.04.29"]

1. e4 e5 2. Nf3 Nc6 3. Bb5 d6 4. Nc3 Nf6 5. d4 exd4 6. Nxd4 Bd7 7. Be3 Nxd4 8.
Bxd7+ Qxd7 9. Bxd4 c5 10. Bxf6 gxf6 11. Nd5 Bg7 12. c3 O-O 13. Qf3 Rae8 14. O-O
f5 15. exf5 Re5 16. Rfe1 Rfe8 17. Re3 Qc6 18. Rae1 Rxe3 19. fxe3 Re5 20. e4
Qxd5 21. exd5 Rxe1+ 22. Kf2 Rb1 23. Qe2 Kf8 24. g4 Ra1 25. g5 f6 26. g6 hxg6
27. fxg6 f5 28. Qe6 Rxa2 29. Qf7# 1-0

[Event "XXXII Moglianoscacchi C"]
[Site "Mogliano Veneto ITA"]
[Date "2011.04.30"]
[Round "3"]
[White "Giancristofaro, Luca"]
[Black "Ciani, Davide"]
[Result "1-0"]
[WhiteElo "1557"]
[BlackElo "1464"]
[PlyCount "141"]
[EventDate "2011.04.29"]

1. d4 d5 2. c4 dxc4 3. Nc3 g6 4. Nf3 Bg7 5. Bg5 Bg4 6. e3 Nf6 7. Bxc4 O-O 8. h3
Bxf3 9. Qxf3 c6 10. O-O b5 11. Bxb5 Qb6 12. Ba4 Qxb2 13. Rfc1 Nbd7 14. Rab1 Qa3
15. Bxc6 Rab8 16. e4 Nb6 17. Rb3 Qa5 18. e5 Rfc8 19. Rb5 Qa3 20. exf6 Bxf6 21.
Rb3 Qd6 22. Bxf6 exf6 23. d5 Qc5 24. Qxf6 a5 25. Ne2 Qf8 26. Rcb1 Nc4 27. Qd4
Na3 28. R1b2 Rxb3 29. Rxb3 Nc2 30. Qb2 Nb4 31. Bb5 Rc2 32. Qb1 Qc5 33. Rb2 Rxb2
34. Qxb2 Qxb5 35. a3 Qxd5 36. axb4 axb4 37. Nd4 Qc4 38. Nc2 b3 39. Nd4 Qd5 40.
Nxb3 Qd1+ 41. Kh2 Qd6+ 42. g3 Qb6 43. Kg2 Qb7+ 44. f3 Qb4 45. Qc2 Qe1 46. Nd4
h5 47. Ne2 h4 48. gxh4 Qxh4 49. Qc8+ Kg7 50. Qg4 Qe7 51. Qe4 Qg5+ 52. Ng3 f5
53. Qe5+ Kg8 54. f4 Qd8 55. Qe6+ Kh7 56. Qf7+ Kh6 57. h4 Qd2+ 58. Kh3 Qxf4 59.
Qf8+ Kh7 60. Qe7+ Kh6 61. Qf6 Qg4+ 62. Kg2 Kh7 63. Qg5 Qb4 64. Kh3 f4 65. Ne2
Qa3+ 66. Kg4 f3 67. Nf4 f2 68. Qxg6+ Kh8 69. Qe8+ Kh7 70. Qf7+ Kh8 71. Ng6# 1-0